Private and public investment analysis
| Main Author: | |
|---|---|
| Format: | Book |
| Published: |
Cincinnati, Ohio :
South-Western ,
c1985
|
| Subjects: |
MARC
| LEADER | 00000cam a2200000 7i4500 | ||
|---|---|---|---|
| 001 | 0000002550 | ||
| 005 | 20180906093000.0 | ||
| 008 | 021118n | ||
| 020 | |a 0538086505 | ||
| 090 | 0 | 0 | |a HG4529 |b .P24 1985 |
| 100 | 0 | |a Palm, Thomas , |e author | |
| 245 | 0 | 0 | |a Private and public investment analysis |c Thomas Palm, Abdul Qayum |
| 260 | 2 | |a Cincinnati, Ohio : |b South-Western , |c c1985 | |
| 300 | |a x, 198 p. ; ; |c 24 cm. | ||
| 504 | |a Includes index | ||
| 650 | 0 | |a Investment analysis | |
| 650 | 0 | |a Investments | |
| 650 | 0 | |a Public investments | |
| 999 | |a 1000019632 |b Book |c OPEN SHELF (30 DAYS) |e Gong Badak Campus | ||